Censo de población 1963
Uloženo v:
| Korporativní autor: | |
|---|---|
| Médium: | Text |
| Vydáno: |
San José:
MIC. DGEC. Sección de Publicaciones
|
| Tagy: |
Přidat tag
Žádné tagy, Buďte první, kdo vytvoří štítek k tomuto záznamu!
|
MARC
| LEADER | 00000 a a2200000 04500 | ||
|---|---|---|---|
| 001 | 17365 | ||
| 003 | |||
| 040 | |a CRAI/IIS |c CRAI/IIS | ||
| 090 | |a 1001 C8375 c1963 | ||
| 110 | |a Costa Rica. Ministerio de Economía, Industria y Comercio. Dirección General de Estadística y Censos | ||
| 245 | |a Censo de población 1963 | ||
| 260 | |a San José: |b MIC. DGEC. Sección de Publicaciones | ||
| 300 | |a 633 p | ||
| 999 | |c 3066 |d 3066 | ||
